000 01034nac a22002897a 4500
001 BR8207238
003 BR-BrBNA
005 20240105115602.0
008 230509b bl.|||m| |||| 00| 0 por d
040 _aBR-BrBNA
_bpor
_cBiblioteca Nacional de Agricultura
072 _aF02
090 _a1300 BR8207238
100 1 _aCouto, F.A.D.
100 1 _aCalbo, A.G.
110 1 _aCompanhia Brasileira de Armazenamento, Brasilia, DF (Brasil). Depto. de Operacoes de Unidades Frigorificas
_92309
111 1 _a1. Encontro Tecnico sobre Frigoconservacao
_cBrasilia, DF (Brazil)
_d5 Dec 1980
245 1 _aNecessidade do frio para o florescimento e producao de sementes de hortalicas
260 3 _aBrasilia, DF (Brasil):
_c1982.
300 _a16 p.
490 _aInformativo Tecnico DEFRI - Companhia Brasileira de Armazenamento (Brazil)
_vno. 17
_x
650 _aHORTALICA
650 _aSEMENTE
650 _aREPRODUCAO VEGETAL
650 _aFLORACAO
909 _a202312
_bLúcia Elande
_c55
_dLúcia Elande
942 _2AGRIS
_n0
_cMS
999 _c275440
_d275440